000 00367nam a22001217a 4500
999 _c3686
_d3686
005 20201210092829.0
008 201210b ||||| |||| 00| 0 eng d
020 _a0582552079
040 _cCML
245 _aA University Grammar of English.
_cQuirk R.
260 _aEngland
_bAddison Wesley Longman LTD
_c1973
942 _2ddc
_cBK
_e1st Edition
_h425
_mQUI